000 01447nam a2200241 a 4500
005 20140310183355.0
008 130326s19uu xx 00 eng d
020 _a9781617282904
050 _aR 724
_b.B4523 2010
100 _aPace, Tyler N.
245 _aBioethics :
_bissues and dilemmas /
_cTyler N. Pace, editor.
260 _aHauppauge, NY ; Lancaster :
_bNova Science ; Gazelle,
_c2010.
300 _ax, 143 p. :
_c24 cm.
500 _aIncludes bibliographical references and index.
520 _aSurgical vaccine : should male circumcision be mandatory in Sub-Saharan Africa / Peter A. Clark, Justin Eisenman, Stephen Szapor -- Medical ethics in obstetrics : a French experiment / Patrick Leblanc, Pierre-Olivier Arduin -- The "real world" of ethical decision-making : insights from research / Pam McGrath -- The rights of future generations in environmental ethics / Carlo Petrini -- Different approaches to principles of biomedical ethics : a philosophical analysis and discussion of the theories of the American ethicists Tom L. Beauchamp & James F. Childress and the Danish philosophers Jakob Rendtorff & Peter Kemp / Mette Ebbesen -- Oophorectomy specimens as a potential source of oocytes for human embryonic stem cell research / MiKyung Kim.
521 _aNUR
650 _aMedical ethics
650 _aBioethics
650 _aBioethical Issues
650 _aEthics, Medical
942 _cBK
_2lcc
_kFOR
999 _c22205
_d22205